|
|
|
|
| LEADER |
01842nam a2200481 i 4500 |
| 001 |
EBC1542735 |
| 003 |
MiAaPQ |
| 005 |
20200520144314.0 |
| 006 |
m o d | |
| 007 |
cr cnu|||||||| |
| 008 |
131128r20031922enka ob 001 0 eng|d |
| 020 |
|
|
|z 041531397X
|
| 020 |
|
|
|z 0415313961
|
| 020 |
|
|
|z 9780415313971
|
| 020 |
|
|
|a 9781315016948
|q (electronic bk.)
|
| 035 |
|
|
|a (MiAaPQ)EBC1542735
|
| 035 |
|
|
|a (Au-PeEL)EBL1542735
|
| 035 |
|
|
|a (CaPaEBR)ebr10800329
|
| 035 |
|
|
|a (CaONFJC)MIL762226
|
| 035 |
|
|
|a (OCoLC)863823570
|
| 040 |
|
|
|a MiAaPQ
|b eng
|e rda
|e pn
|c MiAaPQ
|d MiAaPQ
|
| 050 |
|
4 |
|a HJ141
|b .D35 2003
|
| 082 |
0 |
|
|a 336
|
| 100 |
1 |
|
|a Dalton, Hugh.
|
| 245 |
1 |
0 |
|a Principles of public finance /
|c Hugh Dalton.
|
| 264 |
|
1 |
|a London :
|b Routledge,
|c 2003.
|
| 264 |
|
4 |
|c 1922
|
| 300 |
|
|
|a 1 online resource (342 pages) :
|b illustrations.
|
| 336 |
|
|
|a text
|2 rdacontent
|
| 337 |
|
|
|a computer
|2 rdamedia
|
| 338 |
|
|
|a online resource
|2 rdacarrier
|
| 490 |
1 |
|
|a Routledge library editions. Economics. Public economics ;
|v I
|
| 500 |
|
|
|a First published in 1922 by Routledge.
|
| 504 |
|
|
|a Includes bibliographical references and index.
|
| 505 |
0 |
|
|a part I. Introductory -- part II. Public income -- part III. Public expenditure -- part IV. Public debts.
|
| 588 |
|
|
|a Description based on online resource; title from PDF title page (ebrary, viewed November 28, 2013).
|
| 590 |
|
|
|a Electronic reproduction. Ann Arbor, MI : ProQuest, 2015. Available via World Wide Web. Access may be limited to ProQuest affiliated libraries.
|
| 650 |
|
0 |
|a Debts, Public.
|
| 650 |
|
0 |
|a Finance, Public.
|
| 655 |
|
4 |
|a Electronic books.
|
| 797 |
2 |
|
|a ProQuest (Firm)
|
| 830 |
|
0 |
|a Routledge library editions.
|p Economics ;
|v I.
|
| 856 |
4 |
0 |
|u https://ebookcentral.proquest.com/lib/matrademy/detail.action?docID=1542735
|z Click to View
|